¿Qué es esto de los Derechos Humanos? : | Apuntes para una reflexión crítica (Registro nro. 819)
[ vista simple ]
| 000 -CABECERA | |
|---|---|
| fixed length control field | 00957nam a22002537a 4500 |
| 003 - CONTROL NUMBER IDENTIFIER | |
| control field | AR-BeUNQ |
| 005 - FECHA Y HORA DE LA ULTIMA TRANSACCION | |
| control field | 20240429174140.0 |
| 008 - ELEMENTOS DE LONGITUD FIJA-INFORMACION GENERAL | |
| fixed length control field | 230420b |||||||| |||| 00| 0 spa d |
| 020 ## - NUMERO INTERNACIONAL NORMALIZADO PARA LIBROS | |
| Número Internacional Normalizado del libro | 97898728921 |
| 040 ## - FUENTE DE CATALOGACION | |
| Agencia de catalogación original | AR-BeUNQ |
| Agencia que realiza la transcripción | AR-BeUNQ |
| Convenciones de la descripción | aacr |
| 082 ## - NUMERO DE CLASIFICACION DECIMAL DEWEYMBER | |
| Número de la edición | 21 |
| Número de clasificación | 323 |
| 100 01 - ASIENTO PRINCIPAL-NOMBRE PERSONAL | |
| Nombre personal | Aguilar, Maria Sol |
| Fecha asociada al nombre | 1982 |
| Término relacionador | comp |
| 245 ## - MENCION DE TITULO | |
| Título | ¿Qué es esto de los Derechos Humanos? : |
| Otra información sobre el título | Apuntes para una reflexión crítica |
| Mención de responsabilidad, etc | Tavani, Eduardo, dir |
| 250 ## - MENCION DE EDICION | |
| Mención de edición | 2da.ed. |
| 260 ## - PUBLICACION, DISTRIBUCION, ETC. | |
| Lugar de publicación, distribución, etc. | Buenos Aires : |
| Nombre del editor, distribuidor, etc. | Instituto de Espacio para la Memoria, |
| Fecha de publicación, distribución, etc | 2012 |
| 300 ## - DESCRIPCION FISICA | |
| Extensión | 320 pp. ; |
| Otros detalles físicos | il. , |
| Dimensiones | 23 x 16 cm |
| Material acompañante | un CD room |
| 500 ## - NOTA GENERAL | |
| Nota general | Derechos Humanos. a la salud, educación, al nombre, diversidad sexual,. Pueblos originarios. Adolescencia. |
| 600 ## - ASIENTO SECUNDARIO DE MATERIA - NOMBRE PERSONAL | |
| Nombre personal | Derechos Humanos |
| 650 ## - ASIENTO SECUNDARIO DE MATERIA - TERMINO TEMATICO | |
| Fuente del encabezamiento o términ | unescot |
| Término temático o nombre geográfico como elemento de entrada | Politica |
| 651 ## - ASIENTO SECUNDARIO DE MATERIA - NOMBRE GEOGRAFICO | |
| Nombre geográfico | Argentina |
| Fuente del encabezamiento o término | spines |
| 700 ## - ASIENTO SECUNDARIO - NOMBRE DE PERSONA | |
| Personal name | Astudillo, Soledad |
| Dates associated with a name | coaut. |
| 929 ## - DATOS DE ADQUISICION | |
| Procedencia | DONACION |
| Proveedor | Ministerio de Educación de la :Nación |
| Fecha de recibido | 2018 |
| Número de inventario | 60600 |
| Patrimonio UNQ | PAT0081433 |
| 942 ## - ELEMENTOS DE PUNTO DE ACCESO ADICIONAL (KOHA) | |
| Tipo de ítem Koha | Libros |
| Estado de retiro | Estado de pérdida | Ubicación permanente | Ubicación actual | Ubicación en estantería | Fecha de ingreso | Signatura topográfica completa | Inventario | Date last seen | Tipo de ítem Koha | Operador |
|---|---|---|---|---|---|---|---|---|---|---|
| Biblioteca ESET - UNQ | Biblioteca ESET - UNQ | CIRCULACION | 20/04/2023 | 323 / QUE | 60600 | 20/04/2023 | Libros | Gladys Alarcon |